| 000 | 00439nam a22001817a 4500 | ||
|---|---|---|---|
| 003 | MPLRDC | ||
| 005 | 20220104125028.0 | ||
| 008 | 210129b ||||| |||| 00| 0 eng d | ||
| 020 | _a957-9149-93-3 | ||
| 082 | _a544.37 GCZH | ||
| 100 | _a谷村志穗 | ||
| 245 |
_a爱情到底是什么? _c |
||
| 250 | _a初版 | ||
| 260 |
_a _b培根文化事业股份有限 _c1993 |
||
| 300 | _b平 | ||
| 650 | _a恋爱 | ||
| 942 |
_cBK _o544.37 GCZH |
||
| 999 |
_c24079 _d24069 |
||